| 000 | 00992nam a2200217Ia 4500 | ||
|---|---|---|---|
| 999 |
_c5397 _d5397 |
||
| 003 | OSt | ||
| 005 | 20200619110357.0 | ||
| 008 | 191128s1989 ck ad fr 000 0 spa d | ||
| 040 |
_aCO-JMCR _cCO-JMCR |
||
| 041 | 0 | _aspa | |
| 082 | 0 | 4 |
_a330.08 / _bS678i _223 |
| 110 | 1 |
_aColombia. _bSociedad Colombiana de Economistas _95826 |
|
| 245 | 1 | 0 |
_aInflación y desarrollo : _blos dos problemas de mayor actualidad en Colombia / _cSociedad Colombiana de Economistas |
| 260 |
_aBogotá : _bSociedad Colombiana de Economistas, _c1989 |
||
| 300 |
_a149 páginas : _bgráficos a blanco y negro ; _c23 cm. |
||
| 505 | 0 | _aPolítica monetaria y estabilización de precios -- Los casos de Bolivia, Argentina y Brasil -- La relación del FMI con Colombia -- La posición del Fondo Monetario Internacional en materia de inflación -- La coyuntura inflacionaria en perspectiva | |
| 650 | 1 | 4 |
_aEconomía _95827 |
| 650 | 1 | 4 |
_aInflación _94900 |
| 650 | 1 | 4 |
_aPlanificación del desarrollo _94088 |
| 942 |
_2ddc _cBK |
||